00488nam a2200145Ia 4500008004100000041000800041082001200049100001500061245001400076260006600090300002400156365001100180999001700191952013400208240624s9999 xx 000 0 und d aeng a823 BAL aBALLE FRED aGOLD MINE c2010aHyderabadbProductivity and Quality Publishing Pvt.Ltd. a348 : p. : cm. ; 22 cRSb20 c16527d16527 00104070aIMTNbIMTNcRack 39-Ad2011-01-18eWBDg450.00l1o823 BALp16527r2024-07-23 00:00:00s2024-07-16t1w2024-06-24yBK